Ashes 2013 Squads - Statistics

General Stats
  • This quiz has been taken 36 times
  • The average score is 19 of 36
Answer Stats
Role Answer % Correct
Batsman Alastair Cook (c)
93%
Batsman David Warner
82%
Bowler James Anderson
82%
Bowler Stuart Broad
82%
Batsman Michael Clarke (c)
79%
Bowler Nathan Lyon
79%
Batsman Joe Root
75%
Bowler Ryan Harris
75%
Wicketkeeper Brad Haddin
71%
Batsman Jonathan Trott
71%
All-Rounder Shane Watson
71%
Batsman Chris Rogers
68%
Batsman Ian Bell
68%
Batsman Kevin Pietersen
68%
Batsman Steve Smith
68%
Bowler Graeme Swann
64%
Bowler Mitchell Starc
64%
Bowler Peter Siddle
64%
Wicketkeeper Matt Prior
61%
Batsman Jonny Bairstow
57%
Bowler Steven Finn
54%
All-Rounder Tim Bresnan
54%
Batsman Usman Khawaja
54%
Bowler Chris Tremlett
50%
Bowler Monty Panesar
50%
Wicketkeeper Matthew Wade
39%
Batsman Phillip Hughes
32%
Bowler Ashton Agar
29%
Bowler Chris Woakes
25%
All-Rounder James Faulkner
25%
Bowler James Pattinson
25%
Batsman Ed Cowan
14%
Bowler Graham Onions
14%
Bowler Jackson Bird
14%
Batsman James Taylor
14%
Bowler Simon Kerrigan
11%
No matching quizzes found
Score Distribution
Percent of People with Each Score
Percentile by Number Answered
Your Score History
You have not taken this quiz